Focus sur: Khamûl - Tolkien - Statistiques

Statistiques générales
  • Ce quiz a été pris 24 fois
  • Le résultat moyen est 8 sur 12
Statistiques - réponses
Informations recherchées Réponses % Correct
Chef des Nazgûl
90%
Chef en second des Nazgûl
90%
Ages durant lesquels il vécut Deuxième/Troisième
90%
Espèce Homme
90%
Première apparition Le Seigneur des Anneaux: La Communauté de l'Anneau
90%
Groupe auquel il appartient Nazgûl
90%
Professions et titres Roi d'une contrée de Rhûn
70%
Contrées Rhûn
65%
Surnom Ombre de l'Orient
45%
Cité Dol Guldur
30%
Grand'Peur/Rhovanion
20%
Acteur l'interprétant dans les films Amitabh Bachchan
5%
Aucun quiz correspondant
Distribution des résultats
% des personnes avec chaque résultat
Percentile par nombre de réponses
Votre historique - résultats
Vous n’avez pas pris ce quiz